Gaming Quiz

Random Gaming Quiz
Score 0/18 Timer 20:00
0 Plays Today
Question Answer Wrong Answers
What is the biggest diocese in Maryland? Archdiocese of Baltimore
100%
Archdiocese of Washington
0%
Archdiocese of Wilmington
0%
Archdiocese of Annapolis
0%
What is the name of the Cathedral of the Archdiocese of New York? St. Patrick's Cathedral
100%
St. Paul's Cathedral
0%
St. Stephen's Cathedral
0%
St. Peter's Cathedral
0%
What is the capital of North Carolina? Raleigh
66.7%
Charlotte
33.3%
Greensboro
0%
Winston-Salem
0%
How many diocese are there in Virginia? 2
66.7%
1
0%
3
33.3%
69
0%
What does the Cathedral of Our Lady of Angels in Los Angeles look like? A box
66.7%
A tower
33.3%
A Gothic style church
0%
A triangle
0%
What is the name of the Cathedral of the Archdiocese of Baltimore? Cathedral of Mary Our Queen
66.7%
Cathedral of Saint Thomas More
0%
Cathedral of The Sacred Heart
33.3%
Cathedral of Saint Joseph
0%
Who is the bishop of Richmond? Barry Knestout
66.7%
David-Allen Zubik
33.3%
Edward Mallaesic
0%
Luis Zarama
0%
Final Question: What was the name of the cathedral I built in Megopolis on Gameknight 2k? Cathedral of St. Joseph
66.7%
Cathedral of St. Patrick
0%
Cathedral of St. Basil
33.3%
Cathedral of St. Matthew
0%
Which one of these archbishops raped children? Theodore McCarrick
66.7%
Donald Wurel
33.3%
Fulton Sheen
0%
Michael Bransfield
0%
What is the name of my church that I belong to? St. Francis de Sales
33.3%
St. Joseph
33.3%
St. Basil
0%
St. John
33.3%
How many diocese are there in Pennsylvania? 7
33.3%
4
33.3%
10
33.3%
5
0%
What is the name of the Cathedral of the Diocese of Arlington? Cathedral of St. Thomas More
33.3%
Cathedral of the Madeleine
0%
Cathedral of Our Lady of Angels
33.3%
St. Paul's Cathedral
33.3%
Who is the Archbishop of New York? Timothy Cardinal Dolan
33.3%
Joseph Cardinal Tobin
0%
William Cardinal Lori
0%
Michael Cardinal Burbidge
66.7%
What is the name of the only diocese in West Virginia? Diocese of Wheeling - Charleston
33.3%
Diocese of Huntington
33.3%
Diocese of Beckley
0%
Diocese of Charleston
33.3%
Which one of these people is NOT a Cardinal? Jose Gomez
33.3%
Blase Cupich
33.3%
Edwin O'brein
33.3%
Daniel DiNardo
0%
Who is the current Archbishop of Washington? Wilton Gregory
33.3%
William Lori
33.3%
Michael Burbidge
0%
Donald Wurel
33.3%
Who's the Bishop of Wheeling - Charleston? Mark Brennan
33.3%
Bernard Hebda
33.3%
Lawrence Persico
33.3%
Nigger
0%
What is the name of the Cathedral of the Diocese of Chi-raq? Holy Name Cathedral
0%
St. Mary's Cathedral
0%
Cathedral of St. Francis
33.3%
Cathedral of Saints Peter and Paul
66.7%
Come Together.
Have Fun.
All Virtual.
We all need to come together. Play Sporcle's virtual live trivia to have fun, connect with people, and get your trivia on. Join a live hosted trivia game for your favorite pub trivia experience done virtually. If a virtual private party is more your thing, go here for details.

You're not logged in!

Compare scores with friends on all Sporcle quizzes.
OR
Log In

Sporcle TV

Today on Sporcle TV


Watch our educational content, quiz creation guides, and fun videos on Sporcle TV.

Show Comments

Extras

Created Feb 16, 2020ReportNominate
Tags:100, blake, catholic, fail, Roman

Top Quizzes Today


Score Distribution

Paid Content

Your Account Isn't Verified!

In order to create a playlist on Sporcle, you need to verify the email address you used during registration. Go to your Sporcle Settings to finish the process.

Report this User

Report this user for behavior that violates our Community Guidelines.

Details: